Kompetenzverteilung zwischen Richter und Staatsanwalt im Ermittlungsverfahren

Gespeichert in:  
Bibliographische Detailangaben
VerfasserInnen: Els, Hans van 1933-2014 (Verfasst von) ; Hinkel, Hilmar (Verfasst von)
Medienart: Druck Aufsatz
Sprache:Deutsch
Veröffentlicht: 1977
In: Neue juristische Wochenschrift
Jahr: 1977, Band: 30, Heft: 3, Seiten: 85-88
Verfügbarkeit prüfen: HBZ Gateway
Schlagwörter:

MARC

LEADER 00000caa a2200000 c 4500
001 1628575247
003 DE-627
005 20220607110752.0
007 tu
008 120210s1977 xx ||||| 00| ||ger c
035 |a (DE-627)1628575247 
035 |a (DE-576)358549280 
035 |a (DE-599)BSZ358549280 
040 |a DE-627  |b ger  |c DE-627  |e rakwb 
041 |a ger 
100 1 |a Els, Hans van  |d 1933-2014  |0 (DE-588)17250533X  |0 (DE-627)697442411  |0 (DE-576)133366030  |4 aut 
109 |a Els, Hans van 1933-2014 
245 1 0 |a Kompetenzverteilung zwischen Richter und Staatsanwalt im Ermittlungsverfahren  |c Hans van Els; Hilmar Hinkel 
264 1 |c 1977 
336 |a Text  |b txt  |2 rdacontent 
337 |a ohne Hilfsmittel zu benutzen  |b n  |2 rdamedia 
338 |a Band  |b nc  |2 rdacarrier 
700 1 |a Hinkel, Hilmar  |4 aut 
773 0 8 |i In  |t Neue juristische Wochenschrift  |d München : Beck, 1947  |g 30(1977), 3, Seite 85-88  |w (DE-627)129457922  |w (DE-600)200146-9  |w (DE-576)01482132X  |x 0341-1915  |7 nnas 
773 1 8 |g volume:30  |g year:1977  |g number:3  |g pages:85-88 
951 |a AR 
ELC |b 1 
LOK |0 000 xxxxxcx a22 zn 4500 
LOK |0 001 3274562378 
LOK |0 003 DE-627 
LOK |0 004 1628575247 
LOK |0 005 20140610152108 
LOK |0 008 120210||||||||||||||||ger||||||| 
LOK |0 040   |a DE-21-110  |c DE-627  |d DE-21-110 
LOK |0 689   |a s  |a Ermittlungsverfahren 
LOK |0 689   |a s  |a Kompetenzverteilung 
LOK |0 852   |z Kein Bestand am IfK; Nachweis für KrimDok 
LOK |0 852   |a DE-21-110 
LOK |0 852 1  |m v  |9 00 
LOK |0 935   |a k110 
LOK |0 938   |k v 
LOK |0 939   |a 10-02-12  |b l01 
ORI |a SA-MARC-krimdoka001.raw